| 000 | 00901nam a2200265Ia 4500 | ||
|---|---|---|---|
| 003 | GCL | ||
| 005 | 20240530102258.0 | ||
| 008 | 140319s9999 xx 000 0 ara d | ||
| 017 |
_a1989/8194 _bالقاهرة : دار الكتب المصرية |
||
| 040 |
_aGCL / _cGCL |
||
| 082 | 0 | 4 |
_a362.29 _bا ك |
| 100 | 1 | _aابراهيم نافع عوض الله | |
| 245 | 1 | 0 |
_aكارثة الادمان / _cابراهيم نافع عوض الله |
| 250 | _aط1 | ||
| 260 |
_aالقاهرة : _bمركز الاهرام للترجمة والنشر ، _c1989 |
||
| 300 |
_a239 ص ؛ _c24 سم |
||
| 650 | 0 | 4 | _aالاسرة |
| 650 | 0 | 4 | _aالمخدرات والشباب |
| 650 | 0 | 4 | _aمكافحة المخدرات |
| 650 | 0 | 4 | _aالاباء والابناء |
| 650 | 0 | 4 | _aالادمان والشباب |
| 650 | 0 | 4 | _aالاجتماع العلاجى |
| 650 | 0 | 4 | _aالادمان |
| 942 |
_2ddc _cBK |
||
| 999 |
_c31109 _d31109 |
||